[Event "CZE-chT2C 2122"]
[Site "Czech Republic"]
[Date "2022.01.16"]
[Round "6.1"]
[White "Frana, Tomas"]
[Black "Lajbl, Jan"]
[Result "0-1"]
[WhiteElo "2138"]
[BlackElo "2201"]
[PlyCount "66"]
[EventDate "2021.10.17"]
[EventType "team-tourn"]
[EventRounds "11"]
[EventCountry "CZE"]
[SourceTitle "EXT 2025"]
[Source "ChessBase"]
[SourceDate "2024.10.14"]
[SourceVersion "1"]
[SourceVersionDate "2024.10.14"]
[SourceQuality "1"]
[WhiteTeam "Tanvald Jiskra"]
[BlackTeam "Jicin AD"]
[WhiteTeamCountry "CZE"]
[BlackTeamCountry "CZE"]

1. e4 c6 2. Nf3 d5 3. Nc3 dxe4 4. Nxe4 Nf6 5. Nxf6+ exf6 6. d4 Bd6 7. Be3 0-0 8. Qd2 Re8 9. 0-0-0 Bg4 10. Be2 Qc7 11. h3 Bh5 12. g4 Bg6 13. Bd3 Bxd3 14. Qxd3 Bf4 15. Rhe1 Nd7 16. Qd2 Bxe3 17. Rxe3 Nf8 18. Rxe8 Rxe8 19. Re1 Rxe1+ 20. Qxe1 f5 21. Qe3 fxg4 22. hxg4 Ne6 23. d5 cxd5 24. Qxa7 Qf4+ 25. Nd2 Qxg4 26. f3 Qg3 27. c3 h5 28. Qa8+ Kh7 29. Qxb7 Qg1+ 30. Kc2 Qg6+ 31. Kc1 h4 32. Qxd5 h3 33. Qe4 h2 0-1

[Event "CZE-chT2C 2122"]
[Site "Czech Republic"]
[Date "2021.12.05"]
[Round "4.1"]
[White "Spacek, Petr"]
[Black "Frana, Tomas"]
[Result "1/2-1/2"]
[WhiteElo "2321"]
[BlackElo "2138"]
[PlyCount "44"]
[EventDate "2021.10.17"]
[EventType "team-tourn"]
[EventRounds "11"]
[EventCountry "CZE"]
[SourceTitle "EXT 2025"]
[Source "ChessBase"]
[SourceDate "2024.10.14"]
[SourceVersion "1"]
[SourceVersionDate "2024.10.14"]
[SourceQuality "1"]
[WhiteTeam "Lysa nad Labem Joly III"]
[BlackTeam "Tanvald Jiskra"]
[WhiteTeamCountry "CZE"]
[BlackTeamCountry "CZE"]

1. d4 d5 2. c4 c6 3. Nf3 dxc4 4. e3 b5 5. a4 e6 6. axb5 cxb5 7. b3 Bb4+ 8. Bd2 Bxd2+ 9. Nbxd2 a5 10. bxc4 b4 11. c5 Nf6 12. Bb5+ Bd7 13. Qa4 0-0 14. e4 Bxb5 15. Qxb5 Qc7 16. 0-0 Nc6 17. Ra4 Rfd8 18. e5 Nd5 19. Ne4 Qd7 20. Rfa1 Nf4 21. Nd6 Nd5 22. Ne4 h6 1/2-1/2

[Event "CZE-chT2B 1516"]
[Site "Czech Republic"]
[Date "2016.02.21"]
[Round "8.6"]
[White "Skuthan, Jiri"]
[Black "Frana, Tomas"]
[Result "0-1"]
[WhiteElo "1984"]
[BlackElo "2034"]
[PlyCount "82"]
[EventDate "2015.10.18"]
[EventType "team-tourn"]
[EventRounds "11"]
[EventCountry "CZE"]
[SourceTitle "EXT 2022"]
[Source "ChessBase"]
[SourceDate "2021.10.06"]
[SourceVersion "1"]
[SourceVersionDate "2021.10.06"]
[SourceQuality "1"]
[WhiteTeam "Most Chess"]
[BlackTeam "Turnov Zikuda III"]
[WhiteTeamCountry "CZE"]
[BlackTeamCountry "CZE"]

1. e4 e5 2. Nf3 Nc6 3. Bc4 Nf6 4. d3 Be7 5. c3 d5 6. exd5 Nxd5 7. Qb3 Be6 8. Qxb7 Na5 9. Bb5+ Kf8 10. Qa6 c5 11. Bc4 Nxc4 12. dxc4 Nb6 13. Na3 e4 14. Ne5 Bd6 15. Bf4 Qf6 16. Ng6+ Qxg6 17. Bxd6+ Kg8 18. Bg3 h5 19. h4 e3 20. 0-0-0 Qh6 21. Kb1 Nxc4 22. Qb7 Nxa3+ 23. bxa3 Qg6+ 24. Ka1 Kh7 25. Rhe1 Rhd8 26. Qb1 Rxd1 27. Qxd1 Rd8 28. Qb1 f5 29. Rd1 Rxd1 30. Qxd1 f4 31. Bxf4 exf2 32. Qe2 Qg4 33. Qxf2 Qd1+ 34. Kb2 Bf5 35. Bc1 Qd3 36. c4 Qb1+ 37. Kc3 Qxc1+ 38. Kb3 Qb1+ 39. Kc3 a5 40. g3 Qd3+ 41. Kb2 a4 0-1